01395nam a2200337 a 4500001001200000003000800012006001900020007001500039008004100054020001800095020002700113040002100140035002100161043001200182050002400194100002400218245014900242260005400391300002400445490005800469502003600527504004100563533015200604650002500756650002700781650002900808655002900837710001700866830004800883856012600931ebr10690812CaPaEBRm u cr cn|||||||||130508s2013 gw d sbm 000 0 eng d z9783631626764 z9783653023824 (e-book) aCaPaEBRcCaPaEBR a(OCoLC)846953343 aa-pk---14aLA1156b.L63 2013eb1 aLodhi, Abdul Salam.10aEducation, child labor and human capital formation in selected urban and rural settings of Pakistanh[electronic resource] /cAbdul Salam Lodhi. aFrankfurt am Main :bPL Academic Research,c2013. axxi, 156 p. :bill.1 aDevelopment economics and policy,x0948-1338 ;vv. 68 aDissertation--Bonn Univ., 2012. aIncludes bibliographical references. aElectronic reproduction.bPalo Alto, Calif. :cebrary,d2013.nAvailable via World Wide Web.nAccess may be limited to ebrary affiliated libraries. 0aEducationzPakistan. 0aChild laborzPakistan. 0aHuman capitalzPakistan. 7aElectronic books.2local2 aebrary, Inc. 0aDevelopment economics and policy ;vBd. 68.40uhttp://site.ebrary.com/lib/rucke/Doc?id=10690812zAn electronic book accessible through the World Wide Web; click to view